[Event "North Sea Cup"]
[Site "Esbjerg DEN"]
[Date "2000.07.13"]
[Round "7"]
[White "DeFirmian,N"]
[Black "Hansen,Cu"]
[Result "1-0"]
[WhiteElo "2567"]
[BlackElo "2613"]

1.e4 c5 2.Nf3 e6 3.d4 cxd4 4.Nxd4 Nf6 5.Nc3 d6 6.Be2 Be7 7.O-O Nc6 8.Be3 O-O
9.f4 Qc7 10.Kh1 a6 11.a4 Nxd4 12.Qxd4 Bd7 13.e5 Ne8 14.Bf3 Bc6 15.Ne4 Rd8
16.Qc3 Rc8 17.Bd4 f6 18.exf6 Bxf6 19.Nxf6+ Nxf6 20.Qb3 Bd5 21.Qe3 Qd7 22.c3 Bxf3
23.Rxf3 Rce8 24.h3 e5 25.fxe5 dxe5 26.Bxe5 Qd5 27.Re1 Rf7 28.Qd4 Qa2 29.Ref1 Rd7
30.Qf4 Rf7 31.Qd4 Rd7 32.Qf4 Rf7 33.Bxf6 Rxf6 34.Qc7 Rxf3 35.Rxf3 Qd5 36.c4 Re1+
37.Kh2 Qe5+ 38.Qxe5 Rxe5 39.Rb3 Re7 40.Rb6 Kf8 41.Kg3 Rf7 42.Re6 Rd7 43.Kf3 Rd3+
44.Re3 Rd4 45.b3 Rd2 46.g4 Kf7 47.Ke4 Ke6 48.Rd3 Re2+ 49.Kd4 Kd6 50.Kc3+ Kc6
51.a5 h5 52.gxh5 Re5 53.Rd5 Rxd5 54.cxd5+ Kxd5 55.Kd3 Ke5 56.Kc4  1-0

[Event "North Sea Cup"]
[Site "Esbjerg DEN"]
[Date "2000.07.14"]
[Round "8"]
[White "DeFirmian,N"]
[Black "De Vreugt,D"]
[Result "1/2-1/2"]
[WhiteElo "2567"]
[BlackElo "2511"]

1.e4 e5 2.Nf3 Nc6 3.Bb5 a6 4.Ba4 Nf6 5.O-O Be7 6.Re1 b5 7.Bb3 O-O 8.c3 d5
9.exd5 Nxd5 10.Nxe5 Nxe5 11.Rxe5 c6 12.Bxd5 cxd5 13.d4 Bd6 14.Re3 Qh4 15.h3 Qf4
16.Re5 Qf6 17.Re1 Qg6 18.Qf3 Be6 19.Be3 Rac8 20.a3 a5 21.Nd2 Qc2 22.Rab1 b4
23.Rec1 Qd3 24.axb4 axb4 25.cxb4 Bxb4 26.Nf1 Bd6 27.Rxc8 Rxc8 28.Qd1 Qb5
29.b3 Bf5 30.Rc1 Rb8 31.Nd2 Bb4 32.Bf4 Bxd2 33.Qxd2 Rc8 34.Rxc8+ Bxc8 35.Qc3 Bd7
36.Bd6 Qc6 37.Bc5 Qe6 38.Qa5 h6 39.Kh2 Qe8 40.Qc7 Bb5 41.Qd6 Qd7 42.Qf4 f6
43.f3 Kh7 44.h4 Bd3 45.Qe3 Bb5 46.Qf4 Bd3 47.Qd2 Bb5 48.Qc2+ Kg8 49.Kg1 Qe8
50.Kf2 Qe6 51.Bb4 Qc6 52.Qf5 Qd7 53.Qf4 Qe8 54.Qd6 Qc6 55.Qd8+ Kh7 56.Bc5 Qe8
57.Qxe8 Bxe8 58.Ke3 Bb5 59.Kd2 Kg6 60.g3 Kf7 61.Kc3 Be2 62.Kb4 Bd1 63.Ka3 Be2
64.Ka4 Bd1  1/2-1/2

[Event "Summer Festival Open"]
[Site "Lisbon POR"]
[Date "2000.08.21"]
[Round "1"]
[White "De Firmian,N"]
[Black "Boino,C"]
[Result "1-0"]
[WhiteElo "2567"]
[BlackElo "2114"]

1.e4 e5 2.Nf3 Nc6 3.Bb5 a6 4.Ba4 Nf6 5.O-O b5 6.Bb3 Bc5 7.a4 Rb8 8.axb5 axb5
9.c3 d6 10.d4 Bb6 11.Na3 b4 12.Nc4 O-O 13.Ba4 Bd7 14.Bg5 bxc3 15.bxc3 h6
16.Bxf6 Qxf6 17.d5 Qg6 18.dxc6  1-0

[Event "Summer Festival Open"]
[Site "Lisbon POR"]
[Date "2000.08.23"]
[Round "3"]
[White "De Firmian,N"]
[Black "Conde Llinares,J"]
[Result "1-0"]
[WhiteElo "2567"]
[BlackElo "2163"]

1.e4 e5 2.Nf3 Nc6 3.Bb5 a6 4.Ba4 Nf6 5.O-O Be7 6.Re1 b5 7.Bb3 d6 8.c3 O-O
9.h3 Na5 10.Bc2 c5 11.d4 Qc7 12.Nbd2 cxd4 13.cxd4 Bd7 14.Nf1 Rfc8 15.Re2 Nc6
16.Ng3 g6 17.Bh6 Ne8 18.Bb3 exd4 19.Nxd4 Nxd4 20.Qxd4 Qc5 21.Qd3 Be6 22.Bd5 Rab8
23.Rc1 Qa7 24.Rec2 Qd7 25.Rc6 Bf6 26.b3 Rxc6 27.Rxc6 a5 28.Rc2 Qd8 29.Ne2 Bd7
30.Nd4 Rc8 31.Rxc8 Qxc8 32.Nxb5 g5 33.Qc4 Qxc4 34.bxc4 Be7 35.f4 gxf4 36.Bxf4 Kg7
37.Kf2 f5 38.exf5 Bxf5 39.Nd4 Bb1 40.a3 Nf6 41.Nc6 Nxd5 42.cxd5 Bf8 43.Ke3 a4
44.Nd4 Kf6 45.Nb5 Ba2 46.Kd4 Kf5 47.Bxd6  1-0

[Event "Summer Festival Open"]
[Site "Lisbon POR"]
[Date "2000.08.24"]
[Round "4"]
[White "David,Alb"]
[Black "De Firmian,N"]
[Result "1/2-1/2"]
[WhiteElo "2487"]
[BlackElo "2567"]

1.e4 Nf6 2.e5 Nd5 3.d4 d6 4.Nf3 g6 5.c4 Nb6 6.exd6 cxd6 7.h3 Bg7 8.Be2 O-O
9.O-O Nc6 10.Nc3 Bf5 11.Be3 d5 12.c5 Nc4 13.Bxc4 dxc4 14.Qa4 Bd3 15.Rfd1 e5
16.d5 Nd4 17.Nxd4 exd4 18.Rxd3 cxd3 19.Bxd4 b5 20.Nxb5 Qxd5 21.Bxg7 Kxg7
22.Nc7 Qxc5 23.Qd7 Qb6 24.Nxa8 Rxa8 25.Qxd3 Qxb2 26.Rd1 Qxa2 27.Qe4 Rc8  1/2-1/2

[Event "Summer Festival Open"]
[Site "Lisbon POR"]
[Date "2000.08.26"]
[Round "6"]
[White "Fernandes,An"]
[Black "De Firmian,N"]
[Result "1/2-1/2"]
[WhiteElo "2438"]
[BlackElo "2567"]

1.d4 Nf6 2.Bg5 e6 3.e4 h6 4.Bxf6 Qxf6 5.Nc3 Bb4 6.e5 Qe7 7.a3 Bxc3+ 8.bxc3 d6
9.Nf3 Nd7 10.Bb5 O-O 11.Qe2 dxe5 12.Nxe5 Nxe5 13.Qxe5 Qd6 14.Qxd6 cxd6 15.Kd2 Rd8
16.Be2 Bd7 17.Bf3 Bc6 18.Bxc6 bxc6 19.Rhb1 Rab8 20.a4 Kf8 21.Rb4 c5 22.Rb5 a6
23.Rb3 cxd4 24.cxd4 Rxb3 25.cxb3 Rb8 26.Rb1 a5 27.b4 axb4 28.Kc2 Ke7 29.Kb3 Kd7
30.Rc1 e5 31.dxe5 dxe5 32.Rc4 Ra8 33.Rc5 Kd6 34.Rb5 Rc8 35.Rb7 f5 36.Rxg7 Rc1
37.Kxb4 e4 38.a5 Rf1 39.Rg6+ Kc7 40.Rg7+ Kb8 41.Rg8+ Ka7 42.Rg7+ Kb8 43.f3 exf3
44.gxf3 Rxf3 45.Rg3 Rf1 46.Rh3 f4 47.Kc4 f3 48.Kd3 Ra1 49.Ke3 Rxa5 50.Rxh6 Rf5
51.Kf2 Kc7 52.h4 Kd7 53.Rh7+ Ke6 54.h5 Kf6 55.h6 Kg6 56.Rh8  1/2-1/2

[Event "Summer Festival Open"]
[Site "Lisbon POR"]
[Date "2000.08.27"]
[Round "7"]
[White "De Firmian,N"]
[Black "Akesson,R"]
[Result "1/2-1/2"]
[WhiteElo "2567"]
[BlackElo "2486"]

1.e4 e6 2.d4 d5 3.Nc3 Nf6 4.Bg5 dxe4 5.Nxe4 Be7 6.Bxf6 Bxf6 7.Nf3 O-O 8.Qd2 Nd7
9.O-O-O b6 10.Bb5 Bb7 11.Rhe1 Bd5 12.Bd3 c5 13.c4 Bb7 14.d5 exd5 15.cxd5 Bxd5
16.Bb5 Bd4 17.Nxd4 cxd4 18.Qxd4 Bxe4 19.Rxe4 Qg5+ 20.f4 Qxb5 21.Qxd7 Qc5+
22.Kb1 Rac8 23.Qd3 Rc7  1/2-1/2

[Event "Summer Festival Open"]
[Site "Lisbon POR"]
[Date "2000.08.28"]
[Round "8"]
[White "De Firmian,N"]
[Black "Wohl,A"]
[Result "1/2-1/2"]
[WhiteElo "2567"]
[BlackElo "2461"]

1.e4 Nf6 2.e5 Nd5 3.d4 d6 4.Nf3 g6 5.Bc4 c6 6.exd6 Qxd6 7.O-O Bg7 8.Nbd2 O-O
9.Re1 Bg4 10.h3 Bxf3 11.Nxf3 Nd7 12.c3 e5 13.dxe5 Nxe5 14.Bxd5 cxd5 15.Nxe5 Bxe5
16.Be3 b6 17.Qa4 Rfd8 18.Rad1 a6 19.Bd4 f6 20.Re3 b5 21.Qb3 Rac8 22.Red3 Bxd4
23.Rxd4 Rc4 24.R4d3 f5 25.a4 Qc6 26.axb5 axb5 27.Rd4 Kf7 28.Qc2 Rxd4 29.Rxd4 Rd7
30.Qd2 Kg7 31.h4 h5 32.g3 Qc5 33.b3 Kf7 34.c4 bxc4 35.bxc4 Ke6 36.Qe2+ Kf7
37.Qe5 Qe7 38.Rxd5 Qxe5 39.Rxe5 Rd4 40.Rc5 f4 41.Kg2 fxg3 42.fxg3 Kf6 43.Kf3 Rd3+
44.Kf4 Rd4+ 45.Ke3 Rg4 46.Kf3 Rd4 47.Rc8 Kf5 48.Rc5+ Kf6 49.Kf2 Rg4 50.Rc8 Kf5
51.Kg2 Rd4 52.Kh3 Rd2 53.Rc6 Rc2 54.c5 Rc3 55.Kg2 Rc2+ 56.Kf3 Rc3+ 57.Kf2 Rc2+
58.Ke3 Rc3+ 59.Kf2 Rc2+ 60.Kf1 Rc3  1/2-1/2

[Event "Summer Festival Open"]
[Site "Lisbon POR"]
[Date "2000.08.29"]
[Round "9"]
[White "Damaso,R"]
[Black "De Firmian,N"]
[Result "1-0"]
[WhiteElo "2386"]
[BlackElo "2567"]

1.d4 Nf6 2.Nf3 e6 3.c4 c5 4.d5 exd5 5.cxd5 d6 6.Nc3 g6 7.Bf4 a6 8.e4 b5 9.Qe2 Be7
10.Qc2 O-O 11.a4 b4 12.Nb1 b3 13.Qxb3 Nxe4 14.Bd3 Nf6 15.O-O Nbd7 16.Nc3 Rb8
17.Qa2 Re8 18.h3 Bf8 19.Rfe1 Rxe1+ 20.Rxe1 Rb4 21.Bg5 h6 22.Bd2 Rb8 23.Qb1 Bg7
24.Bf4 Qf8 25.Qa2 Nh5 26.Bh2 Rb4 27.Ne4 Ne5 28.Nxe5 dxe5 29.Bc4 Kh7 30.d6 f5
31.Nxc5 Qxd6 32.Nd3 Rxc4 33.Qxc4 Be6 34.Qc2 f4 35.Nxe5 Bf5 36.Nc4 Qc5 37.Qc1 Bd4
38.Kh1 Bxf2 39.Re5 Qd4 40.Re7+ Kg8 41.Qd2 Bd3 42.Qb4 Ng7 43.Qb8+ Kh7 44.Qe5 Qxe5
45.Nxe5 Bc2 46.Ng4 Bh4 47.Rc7 Bxa4 48.Bxf4 h5 49.Be5 hxg4 50.Bxg7 Bd8 51.Ra7 Bc6  1-0

[Event "34th Olympiad"]
[Site "Istanbul TUR"]
[Date "2000.10.30"]
[Round "3"]
[White "De Firmian,N"]
[Black "Neiksans,A"]
[Result "1-0"]
[WhiteElo "2567"]
[BlackElo "2355"]

1.e4 e5 2.Nf3 Nf6 3.Nxe5 d6 4.Nf3 Nxe4 5.d4 d5 6.Bd3 Nc6 7.O-O Be7 8.c4 Nb4
9.Be2 O-O 10.Nc3 Be6 11.Ne5 f6 12.Nf3 c5 13.Be3 Rc8 14.dxc5 Bxc5 15.Bxc5 Rxc5
16.Qb3 Nxc3 17.Qxc3 Na6 18.b4 Rc8 19.Nd4 Nc7 20.Rad1 Qd7 21.h3 Rfe8 22.c5 a6
23.Rd2 Qf7 24.Rfd1 Bd7 25.Qb3 Re4 26.Bf3 Re5 27.Ne2 Bb5 28.Nd4 Bc4 29.Qb2 Rce8
30.Nc2 Bb5 31.Ne3 Ba4 32.Ra1 f5 33.Qa3 Bc6 34.Qb3 f4 35.Nc2 Bb5 36.a4 Bc4
37.Qc3 Be2 38.Re1 d4 39.Qxd4 Bxf3 40.Rxe5 Qg6 41.Rxe8+ Nxe8 42.Ne1 Bc6 43.Qxf4 Bxa4
44.Nf3 Bc6 45.Kh2 h6 46.Nh4 Qe4 47.Qxe4 Bxe4 48.f3 Bc6 49.Ng6  1-0

[Event "34th Olympiad"]
[Site "Istanbul TUR"]
[Date "2000.10.31"]
[Round "4"]
[White "De Firmian,N"]
[Black "Prasad,D"]
[Result "1/2-1/2"]
[WhiteElo "2567"]
[BlackElo "2431"]

1.e4 e5 2.Nf3 Nc6 3.Bb5 a6 4.Ba4 Nf6 5.O-O Be7 6.Re1 b5 7.Bb3 d6 8.c3 O-O
9.h3 Nb8 10.d4 Nbd7 11.Nbd2 Bb7 12.Bc2 Re8 13.Nf1 Bf8 14.Ng3 g6 15.a4 Bg7
16.Bd3 c6 17.Bg5 h6 18.Bd2 Qc7 19.Qc1 h5 20.Bh6 Bh8 21.Qb1 Nh7 22.b4 Ndf8
23.Ra2 Ne6 24.Be3 Qe7 25.dxe5 dxe5 26.c4 h4 27.Ne2 Nhg5 28.Nxg5 Nxg5 29.axb5 axb5
30.Rxa8 Rxa8 31.cxb5 cxb5 32.Nc3 Ne6 33.Bxb5 Nd4 34.Ba4 Bf6 35.Bb3 Rb8 36.Ba2 Bc6
37.Bxd4 exd4 38.Nd5 Bxd5 39.exd5 Rxb4 40.Qd1 Qd6  1/2-1/2

[Event "34th Olympiad"]
[Site "Istanbul TUR"]
[Date "2000.11.04"]
[Round "7"]
[White "Kovacevic,A"]
[Black "De Firmian,N"]
[Result "1-0"]
[WhiteElo "2513"]
[BlackElo "2567"]

1.e4 c5 2.Nf3 d6 3.d4 cxd4 4.Nxd4 Nf6 5.Nc3 a6 6.Be3 Ng4 7.Bc1 Nf6 8.Be3 Ng4
9.Bg5 h6 10.Bh4 g5 11.Bg3 Bg7 12.h3 Nf6 13.Qd2 Nc6 14.Nb3 b5 15.a3 Be6 16.Be2 Nd7
17.O-O Bxb3 18.cxb3 Nd4 19.Qd1 Nc5 20.b4 Nce6 21.Bg4 Be5 22.Bxe6 Nxe6 23.Qd5 Nf4
24.Bxf4 gxf4 25.a4 O-O 26.axb5 e6 27.Qd3 axb5 28.Rxa8 Qxa8 29.Qxb5 Bxc3 30.bxc3 Qxe4
31.Qh5 Kh7 32.Qd1 Rg8 33.f3 Qe3+ 34.Kh2 Qxc3 35.Qxd6 Qg7 36.Qd2 Qg3+ 37.Kh1 Qg5
38.Qc2+ Kg7 39.Qb2+ Kg6 40.b5 Rb8 41.b6 Rb7 42.Qb4 Qe5 43.Rb1 Kg7 44.Kh2 Qf5
45.Rc1 e5 46.Rc7 Rb8 47.b7 Qg5 48.Kh1 Qh4 49.Qe4 Qf6 50.Rc8 Qd6 51.Kh2 h5
52.h4 f6 53.Re8 Qf8 54.Qc6 Qg8 55.Qc8  1-0

[Event "Bundesliga 2000-1"]
[Site "Plauen GER"]
[Date "2000.12.10"]
[Round "4"]
[White "De Firmian,N"]
[Black "Kindermann,S"]
[Result "0-1"]
[WhiteElo "2567"]
[BlackElo "2519"]

1.e4 e6 2.d4 d5 3.Nc3 Bb4 4.e5 c5 5.a3 Bxc3+ 6.bxc3 Ne7 7.Nf3 Qc7 8.h4 b6
9.h5 h6 10.Bb5+ Bd7 11.Bd3 Ba4 12.O-O Nd7 13.Be3 c4 14.Be2 O-O-O 15.Qd2 Rdf8
16.Bf4 Qd8 17.Rac1 f6 18.Nh4 fxe5 19.dxe5 Nc5 20.Bg4 Kb7 21.g3 Be8 22.Be3 Ne4
23.Qe1 g5 24.hxg6 Nxg6 25.Nxg6 Bxg6 26.Bxe6 Bf5 27.Bxf5 Rxf5 28.Qd1 Rg8 29.Kg2 Rxe5
30.Qd4 Rf5 31.Rh1 h5 32.Rcd1 Rg4 33.Rde1 Qg8 34.Rh3 Nxg3 35.fxg3 Rxd4 36.Bf2 Re4
37.Bg1 Rd4 38.Bxd4 Qg4 39.Rh4 Qf3+ 40.Kh2 Rg5 41.Rg1 Ka6 42.Rg2 Rg4 43.Rh3 Re4
44.Rf2 Re2  0-1

[Event "Sigeman & Co"]
[Site "Malmoe SWE"]
[Date "2001.06.16"]
[Round "5"]
[White "De Firmian,N"]
[Black "Sokolov,I"]
[Result "1/2-1/2"]
[WhiteElo "2545"]
[BlackElo "2659"]

1.e4 e5 2.Nf3 Nc6 3.Bb5 a6 4.Ba4 Nf6 5.O-O Be7 6.Re1 d6 7.Bxc6+ bxc6 8.d4 exd4
9.Nxd4 Bd7 10.Nc3 O-O 11.h3 Re8 12.Qd3 h6 13.Bf4 Bf8 14.Rad1 c5 15.Nf3 Qc8
16.b3 Be6  1/2-1/2

[Event "Sigeman & Co"]
[Site "Malmoe SWE"]
[Date "2001.06.17"]
[Round "6"]
[White "Hansen,Cu"]
[Black "De Firmian,N"]
[Result "1-0"]
[WhiteElo "2619"]
[BlackElo "2545"]

1.d4 Nf6 2.c4 e6 3.Nf3 b6 4.g3 Bb7 5.Bg2 Be7 6.O-O O-O 7.Re1 Na6 8.Nc3 Ne4
9.Nxe4 Bxe4 10.Ne5 Bxg2 11.Kxg2 d6 12.Nc6 Qd7 13.Nxe7+ Qxe7 14.e4 c6 15.Bd2 b5
16.cxb5 cxb5 17.a4 Rfb8 18.axb5 Nc7 19.Bb4 Nxb5 20.d5 Nc7 21.Qd2 exd5 22.e5 Qd8
23.Bxd6 Rb6 24.b4 Nb5 25.Bc5 Re6 26.Qd3 a6 27.f4 Qd7 28.f5 Ree8 29.Rad1 Rad8
30.Bb6 Rc8 31.Bc5 Rcd8 32.Qf3 d4 33.Rd3 Qd5 34.e6 Qxf3+ 35.Kxf3 Rd5 36.exf7+ Kxf7
37.Rxe8 Kxe8 38.Ke4 Rd7 39.Bxd4 Nxd4 40.Rxd4 Rb7 41.Kd3 Rb5 42.Kc4 Rxf5 43.Rd6 Rf2
44.Rxa6 Rxh2 45.Rd6 Ke7 46.Rd3 Rc2+ 47.Kb3 Rc7 48.b5 Rd7 49.Rc3 Kd8 50.Kb4 Rc7
51.Ra3 Kc8 52.b6 Rc1 53.Ra7 g5 54.Rxh7 Rg1 55.Rc7+ Kb8 56.Rc3 Kb7 57.Kc5 Rb1
58.Kd5 Kxb6 59.Ke4 Rb5 60.Rc4 Rb3 61.g4 Rb5 62.Rc8 Kb7 63.Re8 Kc6 64.Re5 Rb4+
65.Kf5 Kd6 66.Re1 Rb5+ 67.Kf6 Kd7 68.Re7+ Kd8 69.Rg7 Rb6+ 70.Kxg5 Ke8 71.Rg6 Rb5+
72.Kh6 Kf8 73.Rg7 Rb3 74.g5 Rg3 75.Kh7 Rh3+ 76.Kg6 Re3 77.Ra7 Re8 78.Kh7 Re5
79.Ra8+ Ke7 80.g6 Rh5+ 81.Kg7 Rh1 82.Ra2 Re1 83.Rf2 Ke8 84.Kg8 Re4 85.g7 Ke7
86.Rf5 Rh4 87.Re5+ Kf6 88.Re1 Ra4 89.Rh1 Kg6 90.Kh8  1-0

[Event "Sigeman & Co"]
[Site "Malmoe SWE"]
[Date "2001.06.18"]
[Round "7"]
[White "De Firmian,N"]
[Black "Gulko,B"]
[Result "1/2-1/2"]
[WhiteElo "2545"]
[BlackElo "2606"]

1.e4 e6 2.d4 d5 3.Nc3 Bb4 4.e5 c5 5.a3 Bxc3+ 6.bxc3 Ne7 7.Nf3 Qa5 8.Bd2 Nbc6
9.Bd3 c4 10.Be2 Bd7 11.O-O f6 12.Re1 fxe5 13.dxe5 O-O 14.Bf1 Rf5 15.g3 Raf8
16.Re3 R5f7 17.Bg2 Qc7  1/2-1/2

[Event "Sigeman & Co"]
[Site "Malmoe SWE"]
[Date "2001.06.19"]
[Round "8"]
[White "De Firmian,N"]
[Black "Wedberg,T"]
[Result "1/2-1/2"]
[WhiteElo "2545"]
[BlackElo "2505"]

1.e4 e5 2.Nf3 Nc6 3.Bb5 Nf6 4.O-O Nxe4 5.d4 Nd6 6.Bxc6 dxc6 7.dxe5 Nf5 8.Qxd8+ Kxd8
9.Nc3 Ke8 10.h3 a5 11.b3 Bb4 12.Bb2 Bxc3 13.Bxc3 Be6 14.Ng5 h6 15.Nxe6 fxe6
16.g4 Ne7 17.f4 g6 18.Kg2 a4 19.Bb4 b6 20.Bxe7 Kxe7 21.Rad1 axb3 22.axb3 Ra5
23.Kf3 Rc5 24.c4 Ra5 25.Ke4 Ra2 26.Rfe1 Rf8 27.Re3 Rf2 28.Rf3 Re2+ 29.Re3 Rf2
30.Rf3 Re2+  1/2-1/2

[Event "Politiken Cup"]
[Site "Copenhagen DEN"]
[Date "2001.07.16"]
[Round "1"]
[White "De Firmian,N"]
[Black "Nielsen,JH"]
[Result "1-0"]
[WhiteElo "2552"]
[BlackElo "2055"]

1.e4 e5 2.Nf3 Nc6 3.Bb5 a6 4.Ba4 b5 5.Bb3 Na5 6.O-O d6 7.d4 Nxb3 8.axb3 exd4
9.Nxd4 Bb7 10.Re1 c5 11.Nf5 g6 12.Ng3 Bg7 13.Nc3 f6 14.Bf4 Bf8 15.Qd3 Nh6
16.Rad1 Nf7 17.h3 Ne5 18.Qd2 Kf7 19.Be3 b4 20.Nd5 Bc6 21.f4 Nd7 22.c3 a5
23.Qc2 Nb6 24.cxb4 Bxd5 25.bxc5 Rc8 26.exd5 dxc5 27.d6 c4 28.bxc4 Nxc4 29.d7 Rc6
30.Bf2 Bb4 31.Re4 Qc7 32.d8=Q Rxd8 33.Rxd8 Nd2 34.Qd3 Rc1+ 35.Kh2  1-0

[Event "Politiken Cup"]
[Site "Copenhagen DEN"]
[Date "2001.07.17"]
[Round "2"]
[White "Hovmoller,K"]
[Black "De Firmian,N"]
[Result "0-1"]
[WhiteElo "2194"]
[BlackElo "2552"]

1.d4 Nf6 2.c4 e6 3.Nc3 Bb4 4.Qc2 O-O 5.a3 Bxc3+ 6.Qxc3 Ne4 7.Qc2 f5 8.Nh3 d6
9.f3 Nf6 10.e3 e5 11.dxe5 dxe5 12.Nf2 c5 13.b4 Qe7 14.Bd2 Nc6 15.b5 Nd8 16.Bc3 Nf7
17.Be2 Be6 18.O-O Rad8 19.a4 Nd7 20.a5 Nd6 21.Bb2 f4 22.exf4 Rxf4 23.Ne4 Nf5
24.g3 Ne3 25.Qc1 Rxe4 26.fxe4 Nxf1 27.Bxf1 Qf7 28.Qe3 Bxc4 29.Bxc4 Qxc4 30.Rd1 Rf8
31.Qd3 Qf7 32.Qxd7 Qf2+ 33.Kh1 Qf3+ 34.Kg1 Qe3+ 35.Kh1 Qxe4+ 36.Kg1 Qe3+
37.Kh1 Qf3+ 38.Kg1 Qf2+ 39.Kh1 Qxb2 40.Qe6+ Kh8 41.Qf7 Rg8 42.Qxb7 c4 43.Qg2 Qxb5
44.Qd5 Qxd5+ 45.Rxd5 Rc8 46.Rxe5 c3 47.Re1 Kg8 48.Kg1 Rc5 49.Rc1 Kf7 50.Kf2 Ke6
51.Ke3 Kd5 52.Kd3 c2 53.a6 Kc6 54.Kd4 Kb5 55.h4 h5 56.Kd3 Kxa6  0-1

[Event "Politiken Cup"]
[Site "Copenhagen DEN"]
[Date "2001.07.18"]
[Round "3"]
[White "De Firmian,N"]
[Black "Jacobsen,B"]
[Result "1-0"]
[WhiteElo "2552"]
[BlackElo "2274"]

1.e4 g6 2.d4 Bg7 3.Nc3 c6 4.h3 d6 5.Be3 b5 6.a3 a6 7.f4 Nd7 8.g4 Bb7 9.Bg2 Nb6
10.Bf2 Nf6 11.Nge2 Qc7 12.O-O Nfd7 13.f5 c5 14.Nd5 Nxd5 15.exd5 cxd4 16.Nxd4 g5
17.Qd2 Bf6 18.a4 bxa4 19.Rxa4 h5 20.Nc6 hxg4 21.hxg4 Ne5 22.Na5 Rc8 23.Qe2 Ba8
24.Qxa6 Kf8 25.c3 Kg7 26.Qe2 Rh6 27.Rfa1 Rch8 28.Nc4 Bb7 29.Nxe5 Bxe5 30.Rc4 Qb8
31.Rb4 Qc8 32.Ra7 Ba8 33.Rxe7  1-0

[Event "Politiken Cup"]
[Site "Copenhagen DEN"]
[Date "2001.07.20"]
[Round "6"]
[White "Nilssen,J"]
[Black "De Firmian,N"]
[Result "0-1"]
[WhiteElo "2333"]
[BlackElo "2552"]

1.d4 Nf6 2.c4 e6 3.Nc3 c5 4.d5 exd5 5.cxd5 d6 6.e4 g6 7.Nf3 a6 8.a4 Bg4 9.Be2 Bxf3
10.Bxf3 Bg7 11.O-O O-O 12.Qc2 Nbd7 13.Bd2 Re8 14.a5 Rc8 15.Rfe1 h5 16.h3 Kh7
17.Be2 c4 18.Bf1 Bh6 19.Bxh6 Kxh6 20.Qd2+ Kg7 21.Qd4 Rc5 22.f4 Rxa5 23.Rxa5 Qxa5
24.e5 Kf8 25.Re2 Ng8 26.Qxc4 dxe5 27.fxe5 Qb6+ 28.Kh1 Nxe5 29.Qf4 Qf6 30.Qb4+ Kg7
31.Kg1 Nd3 32.Qxb7 Rxe2 33.Bxe2 Qf2+ 34.Kh2 Nc1 35.d6 Nf6 36.Bc4 Qf4+  0-1

[Event "Politiken Cup"]
[Site "Copenhagen DEN"]
[Date "2001.07.23"]
[Round "9"]
[White "De Firmian,N"]
[Black "Greiff,H"]
[Result "1-0"]
[WhiteElo "2552"]
[BlackElo "2299"]

1.e4 e5 2.Nf3 Nc6 3.Bb5 a6 4.Ba4 d6 5.O-O Bg4 6.h3 h5 7.d4 b5 8.Bb3 Nxd4
9.hxg4 hxg4 10.Ng5 Nh6 11.Bd5 Be7 12.c3 c6 13.cxd4 cxd5 14.Qd2 Bxg5 15.Qxg5 Qxg5
16.Bxg5 dxe4 17.dxe5 dxe5 18.Nc3 f5 19.a4 Nf7 20.Be3 b4 21.Nd5 Rd8 22.Rfd1 f4
23.Bc5 Ng5 24.Bxb4 Rd7 25.Bc3 Rh5 26.Nb4 Nf3+ 27.gxf3 gxf3 28.Rxd7 Rg5+ 29.Kf1 Kxd7
30.Rd1+ Ke6 31.Rd5 e3 32.fxe3 fxe3 33.a5 Rh5 34.Rxe5+ Rxe5 35.Bxe5 Kxe5 36.Nc2 Kf4
37.b4 g5 38.b5 e2+ 39.Ke1 axb5 40.a6 b4 41.Nxb4  1-0

[Event "Politiken Cup"]
[Site "Copenhagen DEN"]
[Date "2001.07.25"]
[Round "11"]
[White "De Firmian,N"]
[Black "Brynell,S"]
[Result "1-0"]
[WhiteElo "2552"]
[BlackElo "2486"]

1.e4 e6 2.d4 d5 3.Nc3 Nf6 4.Bg5 Bb4 5.e5 h6 6.Bd2 Bxc3 7.bxc3 Ne4 8.Qg4 g6
9.Bd3 Nxd2 10.Kxd2 c5 11.Nf3 Nc6 12.Qf4 cxd4 13.cxd4 Qa5+ 14.c3 b6 15.Qf6 Rg8
16.Qh4 Rh8 17.Ng5 Qa3 18.Rhb1 Kf8 19.Nf3 Qe7 20.Qf6 Rg8 21.h4 Bd7 22.g4 Rc8
23.h5 gxh5 24.gxh5 Qxf6 25.exf6 e5 26.Nxe5 Nxe5 27.dxe5 Rg5 28.Rg1 Rxh5 29.Rh1 Rxe5
30.Rxh6 Rg5 31.Rh8+ Rg8 32.Rxg8+ Kxg8 33.Rg1+ Kh8 34.Rh1+ Kg8 35.Bh7+  1-0

[Event "ch-USA Blitz Playoff"]
[Site "Seattle USA"]
[Date "2002.01.13"]
[Round "1"]
[White "Christiansen,L"]
[Black "De Firmian,N"]
[Result "1/2-1/2"]
[WhiteElo "2571"]
[BlackElo "2536"]

1.c4 c5 2.Nf3 Nc6 3.d4 cxd4 4.Nxd4 e6 5.Nxc6 bxc6 6.g3 d5 7.Bg2 Nf6 8.O-O Be7
9.Nc3 O-O 10.Qc2 Ba6 11.b3 dxc4 12.Rd1 Qa5 13.Bd2 Qh5 14.h3 Rac8 15.Be3 Nd5
16.Bxa7 cxb3 17.axb3 Nxc3 18.Qxc3 Bxe2 19.Rd7 Bf6 20.Bd4 e5 21.Be3 e4 22.Bd4 Bxd4
23.Qxd4 Bf3 24.Re1 Bxg2 25.Kxg2 Qf3+ 26.Kh2 Qxb3 27.Rxe4 c5 28.Qe3 Qxe3 29.Rxe3 c4
30.Rc3 Rc6 31.g4 h6 32.Rd4 Rfc8 33.h4 g6 34.Kg3 Rc5 35.f3 Kf8 36.Re4 R8c7
37.Kf2 Kg7 38.Kg3 Kf6 39.Kf4 g5+ 40.hxg5+ hxg5+ 41.Kg3 Kg6 42.f4 f6 43.f5+ Kf7
44.Kf3 Rc8 45.Kg3  1/2-1/2

[Event "ch-USA Blitz Playoff"]
[Site "Seattle USA"]
[Date "2002.01.13"]
[Round "4"]
[White "De Firmian,N"]
[Black "Christiansen,L"]
[Result "1-0"]
[WhiteElo "2536"]
[BlackElo "2571"]

1.e4 e6 2.d4 d5 3.Nc3 dxe4 4.Nxe4 Bd7 5.Nf3 Bc6 6.Bd3 Nd7 7.O-O Ngf6 8.Ned2 Be7
9.c4 O-O 10.b3 a5 11.Bb2 a4 12.Bc3 axb3 13.Nxb3 Bxf3 14.Qxf3 c6 15.a4 Qc7
16.Rfe1 Rfd8 17.g3 Bf8 18.h4 h5 19.Re2 g6 20.Bd2 Bg7 21.Bf4 Qb6 22.Rb1 Qa7
23.a5 b6 24.axb6 Qxb6 25.Nc5 Qa5 26.Nb7 Qa7 27.Nxd8 Rxd8 28.Qxc6 Qxd4 29.Bc2 Qc3
30.Rb3 Qa1+ 31.Kg2 Nf8 32.Rb8 Rxb8 33.Bxb8 N6d7 34.Bd6 Qc3 35.Qe4 Qa5 36.Qe3 Qa6
37.c5 Nf6 38.Be4 Nxe4 39.Qxe4 Nh7 40.c6 Nf6 41.Qf3 Nd5 42.Rc2 Qa4 43.Qd3 Qa8
44.Kh2 Bf6 45.c7 Qc8 46.Qb3 Nxc7 47.Bxc7 Kg7 48.Be5 Qd8 49.Qc3  1-0

[Event "Foxwoods Open"]
[Site "Connecticut USA"]
[Date "2002.03.29"]
[Round "2"]
[White "Kaufman,La"]
[Black "De Firmian,N"]
[Result "0-1"]
[WhiteElo "2400"]
[BlackElo "2536"]

1.e4 c5 2.Nf3 d6 3.d4 cxd4 4.Nxd4 Nf6 5.Nc3 a6 6.Be2 e5 7.Nb3 Be7 8.Be3 Be6
9.Nd5 Nbd7 10.Qd3 Bxd5 11.exd5 O-O 12.g4 Nb6 13.c4 Na4 14.g5 Nd7 15.Qd2 Qc7
16.Rc1 f5 17.gxf6 Nxf6 18.Rg1 Rf7 19.Qb4 Nc5 20.Nxc5 dxc5 21.Qa3 e4 22.Rg2 Bd6
23.h3 Raf8 24.Kd1 Kh8 25.Kc2 Qc8 26.Rh1 b6 27.Qc3 Qc7 28.Bg4 Be5 29.Qd2 b5
30.Be6 Re7 31.cxb5 axb5 32.Kb1 Rd8 33.Qc2 c4 34.Rc1 Qd6 35.Bg5 Ra8 36.Bxf6 Bxf6
37.Qxe4 Bxb2 38.Rc2 Bf6 39.f4 Rea7 40.h4 Qa3 41.h5 Ra4 42.Rce2 Rb4+ 43.Kc2 Qxa2+  0-1

[Event "24th Politiken Cup"]
[Site "Copenhagen DEN"]
[Date "2002.07.15"]
[Round "1"]
[White "Mortensen,H"]
[Black "De Firmian,N"]
[Result "0-1"]
[WhiteElo "2053"]
[BlackElo "2551"]

1.d4 Nf6 2.c4 e6 3.Nc3 Bb4 4.Qc2 O-O 5.a3 Bxc3+ 6.Qxc3 Ne4 7.Qc2 f5 8.g3 b6
9.Bg2 Bb7 10.Nf3 Nf6 11.O-O Be4 12.Qc3 Qe8 13.Bg5 d6 14.Bxf6 Rxf6 15.Ne1 Bxg2
16.Nxg2 Nd7 17.Nf4 g5 18.Nd3 f4 19.gxf4 gxf4 20.Kh1 Qh5 21.Rg1+ Kf7 22.f3 Rg8
23.Rxg8 Kxg8 24.Rg1+ Kf7 25.b4 e5 26.Nf2 Rg6 27.Ne4 Qh4 28.Rxg6 hxg6 29.Kg2 Qe7
30.Qd2 Nf6 31.Ng5+ Kg7 32.d5 Nxd5 33.Qxd5 Qxg5+ 34.Kf2 Qe7 35.Qb7 a5 36.bxa5 bxa5
37.Qa7 e4 38.fxe4 Kh6 39.Kf3 Qh4 40.Qxa5 Qxh2 41.Qe1 Qh3+ 42.Kf2 Qxa3 43.Qh1+ Kg5
44.Qh8 Qe3+ 45.Kf1 Qxe4 46.Qd8+ Kg4 47.Qxc7 Kg3 48.Ke1 f3 49.Qxd6+ Kg2  0-1

[Event "24th Politiken Cup"]
[Site "Copenhagen DEN"]
[Date "2002.07.16"]
[Round "2"]
[White "De Firmian,N"]
[Black "Timmermans,I"]
[Result "1-0"]
[WhiteElo "2551"]
[BlackElo "2177"]

1.e4 e5 2.Nf3 Nc6 3.Bb5 a6 4.Ba4 Nf6 5.O-O Nxe4 6.d4 b5 7.Bb3 d5 8.dxe5 Be6
9.Nbd2 Nc5 10.c3 d4 11.Bxe6 Nxe6 12.cxd4 Ncxd4 13.a4 Bc5 14.Ne4 Bb6 15.Nfg5 Nxg5
16.Bxg5 Qd7 17.axb5 Qxb5 18.Re1 O-O 19.Nf6+ Kh8 20.Qh5 Qd3 21.Re4  1-0

[Event "24th Politiken Cup"]
[Site "Copenhagen DEN"]
[Date "2002.07.18"]
[Round "4"]
[White "De Firmian,N"]
[Black "Cech,P"]
[Result "1-0"]
[WhiteElo "2551"]
[BlackElo "2316"]

1.e4 e6 2.d4 d5 3.Nc3 Bb4 4.e5 c5 5.a3 Bxc3+ 6.bxc3 Ne7 7.Nf3 b6 8.Bb5+ Bd7
9.Bd3 c4 10.Bf1 Ba4 11.g3 Nbc6 12.Bh3 Qd7 13.O-O Ng6 14.Re1 O-O-O 15.Re2 Rde8
16.Bg4 h5 17.Bh3 f6 18.exf6 gxf6 19.Qe1 Nd8 20.Bg2 h4 21.h3 Nc6 22.g4 e5
23.dxe5 fxe5 24.Bg5 e4 25.Nd4 Nce5 26.Qd2 Nxg4 27.f3 e3 28.Qe1 Nf2 29.Rxf2 exf2+
30.Qxf2 Rhf8 31.f4 Kb7 32.f5 Ka6 33.Kh1 Ne5 34.Bxh4 Nc6 35.Ne6 Rh8 36.Re1 Qh7
37.Bg3 Ne7 38.Nc7+ Ka5 39.Bd6 Bc6 40.a4  1-0

[Event "24th Politiken Cup"]
[Site "Copenhagen DEN"]
[Date "2002.07.19"]
[Round "5"]
[White "Epishin,V"]
[Black "De Firmian,N"]
[Result "1/2-1/2"]
[WhiteElo "2643"]
[BlackElo "2551"]

1.d4 Nf6 2.c4 e6 3.Nc3 Bb4 4.e3 b6 5.Ne2 Ne4 6.Bd2 Nxd2 7.Qxd2 Ba6 8.a3 Bxc3
9.Nxc3 d5 10.b3 Nc6 11.Be2 dxc4 12.Rb1 O-O 13.O-O Ne7 14.Rfd1 Qd7 15.bxc4 Rfd8
16.Qc2 Nc6 17.Na2 Qc8 18.Bf3 Bb7 19.c5 Na5 20.Bxb7 Qxb7 21.Nb4 c6 22.a4 h6
23.Rf1 Rdc8 24.h3 Rc7 25.Qa2 Rb8 26.Rb2 Qc8 27.Nd3 Rcb7 28.cxb6 axb6 29.Qb1 Qe8
30.Qc2 Qd8 31.Ne5 Rc8 32.Nc4 Nxc4 33.Qxc4 Qd6 34.Rfb1 Qc7 35.Rb4 Ra8 36.Rc1 c5
37.dxc5 bxc5 38.Rxb7 Qxb7 39.Qb5 Qd5 40.Rxc5 Qd1+ 41.Kh2 Qxa4 42.Rc8+ Kh7
43.Qd3+ g6 44.Rc7 Ra7 45.Qd6  1/2-1/2